[Event "XXI Festival Conca della Presolana A"]
[Site "Bratto - Castione della Presolana ITA"]
[Date "2001.08.23"]
[Round "2"]
[White "Jablon, Stephen"]
[Black "Rossi, Giampiero"]
[Result "1/2-1/2"]
[WhiteElo "1844"]
[BlackElo "2119"]
[PlyCount "76"]
[EventDate "2001.08.22"]

1.d4 d5 2.Bg5 c6 3.Nf3 Qb6 4.b3 h6 5.Bh4 Bf5 6.e3 e6 7.Bd3 Bxd3 8.Qxd3 Nd7
9.O-O Ngf6 10.Nbd2 Be7 11.c4 a5 12.e4 dxe4 13.Nxe4 O-O 14.Ne5 Qd8 15.f4 
Nxe4 16.Bxe7 Qxe7 17.Qxe4 Nf6 18.Qe3 Rad8 19.g4 Nd7 20.Nf3 Rfe8 21.h4 c5 
22.h5 cxd4 23.Qxd4 Nf6 24.Qe5 Nxg4 25.Qxa5 Qd6 26.Rad1 Qb8 27.Ne5 Nf6 28.
Nd3 Rd7 29.Ne5 Rxd1 30.Rxd1 b6 31.Qb5 Rd8 32.Nd7 Qxf4 33.Nxf6+ Qxf6 34.
Rxd8+ Qxd8 35.a4 f6 36.b4 Qd4+ 37.Kg2 Qd2+ 38.Kg1 Qd4+ 1/2-1/2

[Event "XXI Festival Conca della Presolana A"]
[Site "Bratto - Castione della Presolana ITA"]
[Date "2001.08.23"]
[Round "2"]
[White "Koskinen, Henri"]
[Black "Astengo, Corrado"]
[Result "1/2-1/2"]
[WhiteElo "2321"]
[BlackElo "2103"]
[PlyCount "74"]
[EventDate "2001.08.22"]

1.Nf3 Nf6 2.b3 b6 3.Bb2 Bb7 4.e3 e6 5.Be2 Be7 6.O-O O-O 7.c4 c5 8.Nc3 d5 
9.d4 cxd4 10.Nxd4 dxc4 11.Bxc4 Nc6 12.Nxc6 Bxc6 13.Qe2 Qc7 14.Rac1 Rac8 
15.Nb5 Qb8 16.a4 Rfd8 17.Nd4 Bb7 18.Rfd1 Qa8 19.f4 Bd5 20.Bxd5 Nxd5 21.Qf3
Rxc1 22.Rxc1 Rc8 23.Rd1 Bf6 24.h3 Qb8 25.f5 Qe5 26.e4 Ne7 27.fxe6 fxe6 28.
Ba1 Rd8 29.Kh1 Rd6 30.Nc6 Rxd1+ 31.Qxd1 Qc7 32.Bxf6 gxf6 33.Qg4+ Kf7 34.
Qh5+ Kg7 35.Qg4+ Kf7 36.Qh5+ Kg7 37.Qg4+ Kf7 1/2-1/2

[Event "XXI Festival Conca della Presolana A"]
[Site "Bratto - Castione della Presolana ITA"]
[Date "2001.08.23"]
[Round "2"]
[White "Lalic, Bogdan"]
[Black "Nieus, Thierry"]
[Result "1-0"]
[WhiteElo "2528"]
[BlackElo "1914"]
[PlyCount "65"]
[EventDate "2001.08.22"]

1.c4 Nf6 2.Nc3 e6 3.Nf3 d5 4.d4 c5 5.cxd5 exd5 6.Bg5 Be6 7.e4 dxe4 8.Bxf6 
Qxf6 9.Nxe4 Qf4 10.Bb5+ Nc6 11.Neg5 Bd5 12.Qe2+ Be7 13.O-O O-O-O 14.Bxc6 
Bxg5 15.Bxd5 Rxd5 16.Rac1 Qf5 17.Rxc5+ Rxc5 18.dxc5 Qxc5 19.Nxg5 Qxg5 20.
Qc4+ Kb8 21.Qxf7 Rc8 22.h4 Qg4 23.g3 a6 24.Qd5 Rc2 25.Re1 Qb4 26.Qe5+ Ka7 
27.Re2 Rc1+ 28.Kg2 Qc4 29.Qe3+ Ka8 30.Qf3 Qd4 31.Re7 Qb6 32.Rxg7 Qb5 33.
Rg8+ 1-0

[Event "XXI Festival Conca della Presolana A"]
[Site "Bratto - Castione della Presolana ITA"]
[Date "2001.08.23"]
[Round "2"]
[White "Lanzani, Mario"]
[Black "Arlandi, Ennio"]
[Result "1/2-1/2"]
[WhiteElo "2380"]
[BlackElo "2449"]
[PlyCount "63"]
[EventDate "2001.08.22"]

1.e4 c5 2.Nf3 e6 3.d4 cxd4 4.Nxd4 Nf6 5.Nc3 d6 6.Be2 a6 7.O-O Qc7 8.f4 Nc6
9.Kh1 Be7 10.Be3 O-O 11.Qe1 Nxd4 12.Bxd4 b5 13.a3 Bb7 14.Qg3 Bc6 15.Rae1 
Rae8 16.Bd3 Nh5 17.Qg4 e5 18.Qxh5 exd4 19.Nd5 Bxd5 20.Qxd5 Bf6 21.a4 bxa4 
22.Ra1 Rb8 23.Rxa4 Rxb2 24.Rxa6 Rb6 25.Rxb6 Qxb6 26.e5 dxe5 27.fxe5 Be7 
28.Bc4 Qc5 29.Rxf7 Qxd5 30.Rxf8+ Kxf8 31.Bxd5 Bd8 32.g3 1/2-1/2

[Event "XXI Festival Conca della Presolana A"]
[Site "Bratto - Castione della Presolana ITA"]
[Date "2001.08.23"]
[Round "2"]
[White "Mascheroni, Maurizio"]
[Black "Digiugno, Franco"]
[Result "1/2-1/2"]
[WhiteElo "2054"]
[BlackElo "2145"]
[PlyCount "24"]
[EventDate "2001.08.22"]

1.e4 c6 2.d4 d6 3.Nf3 Bg4 4.h3 Bxf3 5.Qxf3 Nf6 6.Nc3 Nbd7 7.a4 g6 8.Bc4 
Bg7 9.Bg5 Qc7 10.O-O O-O 11.Rfe1 e5 12.Bxf6 Nxf6 1/2-1/2

[Event "XXI Festival Conca della Presolana A"]
[Site "Bratto - Castione della Presolana ITA"]
[Date "2001.08.23"]
[Round "2"]
[White "Mieli, Marcello"]
[Black "Salami, Marco"]
[Result "0-1"]
[WhiteElo "2058"]
[BlackElo "2199"]
[PlyCount "70"]
[EventDate "2001.08.22"]

1.Nf3 f5 2.g3 Nf6 3.Bg2 g6 4.b3 Bg7 5.Bb2 d6 6.O-O e5 7.d3 O-O 8.c4 Nc6 9.
Nbd2 Bd7 10.a3 a5 11.Qc2 h6 12.Bc3 g5 13.Qb2 b6 14.b4 axb4 15.axb4 Rc8 16.
b5 Ne7 17.Ra6 Qe8 18.Rfa1 f4 19.Ne1 Qh5 20.Nf1 Bh3 21.Qa2 Ng4 22.c5+ Kh8 
23.Bxh3 Qxh3 24.f3 fxg3 25.hxg3 Nf5 26.fxg4 Nh4 27.Ne3 Qxg3+ 28.N1g2 Nxg2 
29.Nxg2 dxc5 30.Qd5 Rcd8 31.Qe4 Rf4 32.Qc6 Qf2+ 33.Kh1 Rxg4 34.Bxe5 Rh4+ 
35.Bh2 Be5 0-1

[Event "XXI Festival Conca della Presolana A"]
[Site "Bratto - Castione della Presolana ITA"]
[Date "2001.08.23"]
[Round "2"]
[White "Pantaleoni, Claudio"]
[Black "Contin, Daniel"]
[Result "1/2-1/2"]
[WhiteElo "2205"]
[BlackElo "2382"]
[PlyCount "54"]
[EventDate "2001.08.22"]

1.b3 g6 2.Bb2 Nf6 3.Bxf6 exf6 4.c4 Bg7 5.Nc3 O-O 6.g3 d6 7.Bg2 c6 8.Nh3 
Re8 9.Nf4 a6 10.O-O Ra7 11.Rc1 b5 12.d3 b4 13.Na4 Rae7 14.e3 Bf5 15.Qd2 a5
16.e4 Bc8 17.c5 f5 18.Nb6 Bc3 19.Qd1 dxc5 20.Nxc8 Qxc8 21.Bh3 Nd7 22.exf5 
Re1 23.Qc2 Rxc1 24.Rxc1 g5 25.Ne2 Bf6 26.Bg2 Qc7 27.Be4 Qd6 1/2-1/2

[Event "XXI Festival Conca della Presolana A"]
[Site "Bratto - Castione della Presolana ITA"]
[Date "2001.08.23"]
[Round "2"]
[White "Pegoraro, Nicola"]
[Black "Caoili, Arianne"]
[Result "0-1"]
[WhiteElo "2099"]
[BlackElo "2152"]
[PlyCount "130"]
[EventDate "2001.08.22"]

1.e4 c5 2.Nf3 e6 3.d4 cxd4 4.Nxd4 a6 5.Bd3 Bc5 6.Nb3 Be7 7.O-O d6 8.f4 Qc7
9.Nc3 Nf6 10.Qf3 Nbd7 11.a4 b6 12.Qg3 g6 13.Be3 Bb7 14.Rae1 h5 15.h3 Rc8 
16.e5 h4 17.Qf2 Nh5 18.exd6 Qxd6 19.Bd4 O-O 20.Rd1 Qc7 21.Rfe1 Nxf4 22.Be4
Bxe4 23.Rxe4 g5 24.Be3 Ng6 25.Qd2 Nc5 26.Rc4 Rcd8 27.Qc1 Rxd1+ 28.Nxd1 f6 
29.Nxc5 bxc5 30.Nf2 Ne5 31.Rc3 Qc6 32.b3 Rd8 33.Nd3 Nxd3 34.Rxd3 Rxd3 35.
cxd3 Qd5 36.Qc3 Kf7 37.Kf2 f5 38.Kg1 Kg6 39.Bf2 Bd6 40.Kf1 Kf7 41.Kg1 Be7 
42.Qc4 Qxc4 43.bxc4 Ke8 44.Kf1 Kd7 45.Ke2 Kd6 46.Kf3 Bf6 47.Be3 Be7 48.Bd2
Kd7 49.Bc3 Ke8 50.Bd2 Kf7 51.Be3 Kf6 52.Bf2 Bd6 53.Be3 Kg6 54.Bf2 Kh5 55.
d4 cxd4 56.Bxd4 Bc7 57.c5 Kg6 58.Be3 Kf6 59.c6 e5 60.Bd2 e4+ 61.Ke2 f4 62.
Bb4 Ke6 63.Ba3 Kf5 64.Bc5 a5 65.Be7 Kg6 0-1

[Event "XXI Festival Conca della Presolana A"]
[Site "Bratto - Castione della Presolana ITA"]
[Date "2001.08.23"]
[Round "2"]
[White "Piva, Giorgio"]
[Black "Galli, Fabio"]
[Result "1/2-1/2"]
[WhiteElo "2133"]
[BlackElo "2079"]
[PlyCount "61"]
[EventDate "2001.08.22"]

1.d4 d5 2.c4 c6 3.e3 Nf6 4.Bd3 e6 5.Nd2 Nbd7 6.Ngf3 Bd6 7.e4 dxe4 8.Nxe4 
Nxe4 9.Bxe4 Nf6 10.Bc2 c5 11.O-O cxd4 12.Qxd4 Qc7 13.Bg5 Bc5 14.Ba4+ Kf8 
15.Qh4 Bd7 16.Bxf6 Bxa4 17.Be5 Qe7 18.Qf4 Rd8 19.b3 Bc6 20.Rad1 f6 21.Bc3 
Bxf3 22.Rxd8+ Qxd8 23.Qxf3 Qe7 24.Rd1 Kf7 25.Qh5+ g6 26.Qh6 Qc7 27.h4 Bf8 
28.Qd2 Be7 29.Qh6 Bf8 30.Qe3 Bc5 31.Qd2 1/2-1/2

[Event "XXI Festival Conca della Presolana A"]
[Site "Bratto - Castione della Presolana ITA"]
[Date "2001.08.23"]
[Round "2"]
[White "Rigamonti, Stefano"]
[Black "Osuna Munoz, Xavier"]
[Result "0-1"]
[WhiteElo "1902"]
[BlackElo "2109"]
[PlyCount "102"]
[EventDate "2001.08.22"]

1.e4 c5 2.Nf3 e6 3.d4 cxd4 4.Nxd4 a6 5.Bd3 b5 6.O-O Bc5 7.Be3 Qb6 8.c3 Qc7
9.f4 Nf6 10.e5 Nd5 11.Bc1 Bb7 12.Be4 Ne3 13.Qf3 Nxf1 14.Bxb7 Bxd4+ 15.Kxf1
Ra7 16.Be4 Bb6 17.Nd2 d5 18.Bd3 O-O 19.Qh3 g6 20.Nf3 f5 21.a4 bxa4 22.Rxa4
a5 23.g4 Qc6 24.Bc2 Qb5+ 25.Ke1 Na6 26.Qg2 Nc5 27.Nd4 Qd7 28.Ra2 Ne4 29.
Ba4 Qe7 30.gxf5 Qh4+ 31.Ke2 Bxd4 32.cxd4 Rxf5 33.Bc2 Rc7 34.Bxe4 dxe4 35.
Bd2 Qh5+ 36.Ke3 Qd1 37.Rxa5 Qb3+ 38.Kxe4 Qb7+ 39.d5 exd5+ 40.Rxd5 Rd7 41.
Kd4 Qxb2+ 42.Kc5 Qc2+ 43.Kb6 Qc7+ 44.Kb5 Qb7+ 45.Kc4 Rf8 46.Be3 Rfd8 47.
Rd2 Qa6+ 48.Kb3 Rb7+ 49.Kc2 Qa4+ 50.Kc1 Qa1+ 51.Kc2 Qb1+ 0-1

[Event "XXI Festival Conca della Presolana A"]
[Site "Bratto - Castione della Presolana ITA"]
[Date "2001.08.23"]
[Round "2"]
[White "Sarno, Spartaco"]
[Black "Bertazzo, Giorgio"]
[Result "1-0"]
[WhiteElo "2400"]
[BlackElo "2150"]
[PlyCount "81"]
[EventDate "2001.08.22"]

1.Nf3 d5 2.d4 Nf6 3.c4 c6 4.Nc3 dxc4 5.a4 Na6 6.Ne5 c5 7.e3 Nd7 8.Nxc4 g6 
9.Be2 Bg7 10.O-O O-O 11.d5 Nb6 12.e4 Nb4 13.Bg5 Nxc4 14.Bxc4 b6 15.Qe2 a6 
16.Rad1 f6 17.Bf4 Kh8 18.Rfe1 Ra7 19.h4 Qd7 20.e5 Qg4 21.Qxg4 Bxg4 22.f3 
Bc8 23.Rd2 fxe5 24.Bxe5 Bxe5 25.Rxe5 Rf4 26.Bf1 Kg7 27.d6 exd6 28.Rxd6 Rf6
29.Rxf6 Kxf6 30.f4 Bf5 31.a5 bxa5 32.Rxc5 Rd7 33.Rxa5 Rd2 34.Ra4 Nc2 35.g4
Bd3 36.Bxd3 Rxd3 37.Rxa6+ Kg7 38.Ra7+ Kf8 39.Rxh7 Rg3+ 40.Kf2 Rxg4 41.Nd5 
1-0

[Event "XXI Festival Conca della Presolana A"]
[Site "Bratto - Castione della Presolana ITA"]
[Date "2001.08.23"]
[Round "2"]
[White "Schaefer, Michael"]
[Black "Drazic, Sinisa"]
[Result "0-1"]
[WhiteElo "2240"]
[BlackElo "2480"]
[PlyCount "76"]
[EventDate "2001.08.22"]

1.d4 Nf6 2.c4 g6 3.Nc3 Bg7 4.Nf3 O-O 5.Bf4 d6 6.h3 Nc6 7.e3 Nd7 8.Be2 e5 
9.Bh2 f5 10.O-O Kh8 11.Nd5 Nb6 12.dxe5 Nxe5 13.Qb3 Be6 14.Rfd1 Bxd5 15.
cxd5 Nxf3+ 16.Bxf3 a5 17.Rac1 a4 18.Qb5 Rf7 19.Rc2 Rd7 20.e4 fxe4 21.Bxe4 
Qf6 22.Bf3 Re7 23.Bg3 h5 24.Qb4 Qf5 25.Rdc1 Rc8 26.Qf4 Qd7 27.Qg5 Qe8 28.
Bf4 Kh7 29.g4 Qf7 30.gxh5 Rf8 31.Be4 Rxe4 32.Rxc7 Qf6 33.Rxg7+ Kxg7 34.
Qh6+ Kg8 35.Rc7 Re7 36.Rxe7 Qxe7 37.hxg6 Nxd5 38.Bxd6 Qe1+ 0-1

[Event "XXI Festival Conca della Presolana A"]
[Site "Bratto - Castione della Presolana ITA"]
[Date "2001.08.23"]
[Round "2"]
[White "Stefanelli, Luca"]
[Black "Valori, Vincenzo"]
[Result "1/2-1/2"]
[WhiteElo "2270"]
[BlackElo "2056"]
[PlyCount "82"]
[EventDate "2001.08.22"]

1.c4 e5 2.Nc3 Nc6 3.g3 f5 4.Bg2 Nf6 5.e3 Bc5 6.Nge2 d6 7.O-O O-O 8.d3 Qe8 
9.a3 a6 10.b4 Bb6 11.d4 Qh5 12.c5 Ba7 13.dxe5 dxe5 14.Nd5 Qf7 15.Nxf6+ 
Qxf6 16.Bb2 Rd8 17.Qc2 Bd7 18.Nf4 Rac8 19.Nd5 Qe6 20.Rad1 Kh8 21.e4 fxe4 
22.Bxe4 Be8 23.Bf5 Bg6 24.Bxe6 Bxc2 25.Rd2 Bb3 26.Bxc8 Rxc8 27.Ne3 Be6 28.
Rfd1 b6 29.Rc1 bxc5 30.bxc5 Na5 31.Rcd1 Nc6 32.a4 Bb3 33.Rc1 Bxa4 34.Ng4 
Re8 35.Re2 Bb5 36.Ree1 e4 37.f3 Nb4 38.Rxe4 Rxe4 39.fxe4 Nd3 40.Rd1 Bxc5+ 
41.Kg2 h5 1/2-1/2

[Event "XXI Festival Conca della Presolana A"]
[Site "Bratto - Castione della Presolana ITA"]
[Date "2001.08.23"]
[Round "2"]
[White "Temi, Walter"]
[Black "Bozzali, Ermanno"]
[Result "0-1"]
[WhiteElo "2067"]
[BlackElo "2099"]
[PlyCount "117"]
[EventDate "2001.08.22"]

1.e4 c5 2.Nf3 d6 3.c3 Nf6 4.Be2 Nc6 5.d4 cxd4 6.cxd4 d5 7.e5 Ng8 8.Nc3 e6 
9.O-O Bd7 10.Bg5 Qb6 11.Na4 Qc7 12.Rc1 a6 13.Qb3 b5 14.Nc5 h6 15.Be3 Nge7 
16.Qc2 Qb6 17.a4 Na5 18.b3 Nec6 19.axb5 axb5 20.Ra1 b4 21.Rfc1 Be7 22.Qd3 
Na7 23.Nxd7 Kxd7 24.Nd2 Rab8 25.Qa6 Qxa6 26.Bxa6 N7c6 27.Kf1 Rb6 28.Bd3 
Rbb8 29.Rc2 Bd8 30.Rac1 Bb6 31.Bb5 Rhc8 32.Ba4 Rc7 33.Nf3 Rbc8 34.Ke1 Kd8 
35.Kd1 Ne7 36.g4 Rxc2 37.Rxc2 Rxc2 38.Kxc2 Nac6 39.Kd3 Bc7 40.h3 Bb6 41.
Nd2 Kc7 42.Nf1 f6 43.exf6 gxf6 44.Bxh6 Bxd4 45.Ne3 Bc3 46.Nd1 Be5 47.h4 f5
48.f3 Bh8 49.Bxc6 Nxc6 50.g5 Ne5+ 51.Ke2 Ng6 52.h5 Nf4+ 53.Kd2 Nxh5 54.Bf8
Be5 55.Bxb4 Bf4+ 56.Kd3 Bxg5 57.Bf8 Kc6 58.b4 Nf4+ 59.Kc2 0-1

[Event "XXI Festival Conca della Presolana A"]
[Site "Bratto - Castione della Presolana ITA"]
[Date "2001.08.24"]
[Round "3"]
[White "Arlandi, Ennio"]
[Black "Dittmar, Peter"]
[Result "1/2-1/2"]
[WhiteElo "2449"]
[BlackElo "2348"]
[PlyCount "60"]
[EventDate "2001.08.22"]

1.d4 d5 2.c4 e6 3.Nc3 Nf6 4.cxd5 exd5 5.Bg5 c6 6.e3 Be7 7.Qc2 Nbd7 8.Bd3 
O-O 9.Nge2 h6 10.Bh4 Re8 11.f3 c5 12.O-O cxd4 13.exd4 Nf8 14.Rad1 Be6 15.
Kh1 a6 16.Bg3 Rc8 17.a3 b5 18.Qd2 Qd7 19.Bb1 a5 20.Nf4 b4 21.axb4 axb4 22.
Nce2 Bf5 23.Nd3 Qb5 24.Rc1 Ne6 25.Bf2 Bd6 26.Rfd1 Bg6 27.b3 Qb8 28.Bg1 Nh5
29.Rxc8 Rxc8 30.Rc1 Rxc1 1/2-1/2

[Event "XXI Festival Conca della Presolana A"]
[Site "Bratto - Castione della Presolana ITA"]
[Date "2001.08.24"]
[Round "3"]
[White "Astengo, Corrado"]
[Black "Everet, Alexandro"]
[Result "1-0"]
[WhiteElo "2103"]
[BlackElo "2308"]
[PlyCount "133"]
[EventDate "2001.08.22"]

1.e4 e6 2.d4 b6 3.Bd3 Bb7 4.a3 g6 5.Nc3 Bg7 6.Nf3 d6 7.Bg5 f6 8.Be3 Ne7 9.
Qd2 O-O 10.Bh6 Nd7 11.h4 d5 12.Bxg7 Kxg7 13.h5 g5 14.e5 h6 15.exf6+ Rxf6 
16.Ne2 c5 17.c3 Qf8 18.Ng3 Re8 19.Ne5 Nxe5 20.dxe5 Rf4 21.f3 Nf5 22.Ne2 
Rh4 23.O-O-O Rxh1 24.Rxh1 d4 25.cxd4 Nxd4 26.Nxd4 cxd4 27.Kb1 Bd5 28.Bc2 
Rd8 29.Qd3 Qh8 30.Qg6+ Kf8 31.Re1 b5 32.f4 gxf4 33.Qg4 Qg7 34.Qxf4+ Ke7 
35.Bg6 Rd7 36.Qh4+ Kf8 37.Qf4+ Kg8 38.Rd1 Qf8 39.Qg4 Kh8 40.Qe2 b4 41.Rf1 
Qb8 42.axb4 Qxb4 43.Qf2 Qe7 44.Qd2 Qg7 45.Qb4 Qe7 46.Rf8+ Kg7 47.Rf7+ Qxf7
48.Bxf7 Kxf7 49.Qd2 Be4+ 50.Kc1 Kg7 51.Qf4 Bd3 52.Qg3+ Kf7 53.Qxd3 Ke8 54.
Qg6+ Kd8 55.Qxh6 d3 56.Kd2 Re7 57.Qf8+ Kd7 58.h6 a5 59.Qxe7+ Kxe7 60.h7 
Kd7 61.h8=Q Kc6 62.Qd8 a4 63.Qd6+ Kb5 64.Kxd3 a3 65.bxa3 Ka5 66.Qb8 Ka6 
67.Kc4 1-0

[Event "XXI Festival Conca della Presolana A"]
[Site "Bratto - Castione della Presolana ITA"]
[Date "2001.08.24"]
[Round "3"]
[White "Ausmins, Elmar"]
[Black "Cebalo, Miso"]
[Result "1/2-1/2"]
[WhiteElo "2345"]
[BlackElo "2476"]
[PlyCount "97"]
[EventDate "2001.08.22"]

1.d4 Nf6 2.c4 g6 3.Nc3 Bg7 4.e4 d6 5.Be2 O-O 6.Be3 a6 7.g4 b5 8.g5 Nfd7 9.
cxb5 axb5 10.Bxb5 c5 11.Nge2 Ba6 12.Bxa6 Nxa6 13.h4 Qa5 14.Kf1 Rfb8 15.Rb1
Nc7 16.dxc5 Nxc5 17.Bd4 N7e6 18.Bxg7 Kxg7 19.Rh3 Ra7 20.f4 Rab7 21.f5 Nc7 
22.f6+ exf6 23.gxf6+ Kxf6 24.Qd4+ Ke7 25.Rf3 Nd7 26.Rd1 Qa6 27.Qg7 Rf8 28.
e5 Ne6 29.exd6+ Kd8 30.Qh6 Ne5 31.Qe3 Nxf3 32.Qxf3 f5 33.b3 Rb6 34.Qd5 Kd7
35.Qe5 Rxd6 36.Nd5 Rd8 37.b4 Kc8 38.b5 Qb7 39.Rc1+ Kd7 40.Qf6 Ke8 41.Rc7 
Qxc7 42.Nxc7+ Nxc7 43.Qg7 Ne6 44.Qxh7 Rd1+ 45.Kf2 R8d2 46.Ke3 Rd3+ 47.Kf2 
R3d2 48.Ke3 Rd3+ 49.Kf2 1/2-1/2

[Event "XXI Festival Conca della Presolana A"]
[Site "Bratto - Castione della Presolana ITA"]
[Date "2001.08.24"]
[Round "3"]
[White "Bertazzo, Giorgio"]
[Black "Griffa, Roberto"]
[Result "0-1"]
[WhiteElo "2150"]
[BlackElo "2082"]
[PlyCount "158"]
[EventDate "2001.08.22"]

1.e4 c6 2.d4 d5 3.e5 Bf5 4.Nf3 e6 5.Be2 Nd7 6.O-O Ne7 7.c4 dxc4 8.Bxc4 Nd5
9.Re1 N7b6 10.Bd3 Bxd3 11.Qxd3 Be7 12.a3 O-O 13.Re4 Re8 14.Rg4 f5 15.exf6 
Nxf6 16.Rh4 Qd5 17.Ne5 Rad8 18.Qc2 Nbd7 19.Nc3 Qa5 20.Bf4 Nf8 21.Be3 Nd5 
22.Rg4 Nxe3 23.fxe3 Bd6 24.Nc4 Qf5 25.Qe2 Ng6 26.Rf1 Qh5 27.h3 Bc7 28.Qc2 
Rf8 29.Re1 Qf5 30.Qe2 e5 31.e4 Qd7 32.dxe5 Qd4+ 33.Kh1 Nxe5 34.Nxe5 Qxe5 
35.g3 Rf6 36.Rf1 Rdf8 37.Rxf6 Qxf6 38.Kg2 Kh8 39.h4 Qe6 40.Rg5 h6 41.Rg4 
Qe5 42.Nd1 Bb6 43.Qe1 Qd4 44.Rf4 Rd8 45.Rf1 Qa4 46.Qe2 Ba5 47.Kh1 Re8 48.
Rf4 Bc7 49.Nc3 Qb3 50.Rf3 Qe6 51.Kg2 Be5 52.Nd1 Bd4 53.Nf2 Kg8 54.Rf4 Be5 
55.Rf3 Bc7 56.Re3 Bb6 57.Rd3 Bc7 58.Re3 Be5 59.Rd3 c5 60.Ng4 Bd4 61.Nf2 
Qc6 62.Kh2 Bxf2 63.Qxf2 Qxe4 64.Rd2 b6 65.Qf1 Rf8 66.Qd1 Qe3 67.Qc2 b5 68.
Re2 Qf3 69.Rd2 c4 70.a4 a6 71.axb5 axb5 72.Qg6 Qf1 73.Qc2 b4 74.Re2 Kh8 
75.Rg2 Re8 76.Rd2 b3 77.Qc3 Re1 78.Rd8+ Kh7 79.g4 Re2+ 0-1

[Event "XXI Festival Conca della Presolana A"]
[Site "Bratto - Castione della Presolana ITA"]
[Date "2001.08.24"]
[Round "3"]
[White "Contin, Daniel"]
[Black "Bresciani, Nicola"]
[Result "1/2-1/2"]
[WhiteElo "2382"]
[BlackElo "2278"]
[PlyCount "46"]
[EventDate "2001.08.22"]

1.c4 Nf6 2.Nf3 b6 3.g3 c5 4.Bg2 Bb7 5.O-O e6 6.Nc3 a6 7.Re1 Be7 8.e4 d6 9.
d4 cxd4 10.Nxd4 Qc7 11.Be3 Nbd7 12.f4 O-O 13.Rc1 h5 14.h3 Rfe8 15.Bf2 Rac8
16.e5 dxe5 17.Bxb7 Qxb7 18.fxe5 Nh7 19.Qxh5 g6 20.Qe2 Ng5 21.Kh2 Rc5 22.
Be3 Rxe5 23.Qg2 Qxg2+ 1/2-1/2

[Event "XXI Festival Conca della Presolana A"]
[Site "Bratto - Castione della Presolana ITA"]
[Date "2001.08.24"]
[Round "3"]
[White "Cugini, Verter"]
[Black "Lapiccirella, Daniele"]
[Result "1-0"]
[WhiteElo "2207"]
[BlackElo "2098"]
[PlyCount "55"]
[EventDate "2001.08.22"]

1.e4 c5 2.g3 Nc6 3.Bg2 g6 4.Ne2 Bg7 5.O-O d6 6.d3 e6 7.c3 Nge7 8.d4 cxd4 
9.cxd4 O-O 10.Nbc3 b6 11.Be3 Bb7 12.Qd2 Re8 13.Rac1 Rc8 14.Rfd1 Na5 15.b3 
Qd7 16.Nf4 Rc7 17.d5 e5 18.Bh3 Qd8 19.Nd3 Bc8 20.Bf1 Bd7 21.Nb4 f5 22.f3 
fxe4 23.fxe4 Bg4 24.Re1 Nc8 25.h3 Bd7 26.Na6 Nb7 27.Bg5 Ne7 28.Nxc7 1-0

[Event "XXI Festival Conca della Presolana A"]
[Site "Bratto - Castione della Presolana ITA"]
[Date "2001.08.24"]
[Round "3"]
[White "De Barberis, Massimo"]
[Black "Mieli, Marcello"]
[Result "1/2-1/2"]
[WhiteElo "2103"]
[BlackElo "2058"]
[PlyCount "83"]
[EventDate "2001.08.22"]

1.d4 Nf6 2.Nc3 g6 3.e4 d6 4.Be3 Bg7 5.Qd2 c6 6.Bh6 O-O 7.f3 a5 8.h4 Nbd7 
9.h5 Qb6 10.Bxg7 Kxg7 11.hxg6 fxg6 12.Bc4 Qb4 13.Bb3 Nh5 14.Nge2 e5 15.a3 
Qb6 16.O-O-O Qd8 17.dxe5 dxe5 18.g4 Nf4 19.Nxf4 exf4 20.Qh2 h5 21.gxh5 g5 
22.h6+ Kh7 23.Be6 Qe7 24.Bf5+ Kh8 25.Qh5 Ne5 26.Bxc8 Raxc8 27.Rhg1 Rg8 28.
Ne2 Rcd8 29.Rxd8 Qxd8 30.h7 Rg7 31.Nxf4 Rxh7 32.Rxg5 Rxh5 33.Rxh5+ Kg8 34.
Rxe5 Qh4 35.Re8+ Kg7 36.Nd3 Qh1+ 37.Kd2 Qxf3 38.b3 b5 39.Re5 Qg2+ 40.Kc3 
Qh1 41.Kb2 Qg1 42.Ka2 1/2-1/2

[Event "XXI Festival Conca della Presolana A"]
[Site "Bratto - Castione della Presolana ITA"]
[Date "2001.08.24"]
[Round "3"]
[White "Dervishi, Erald"]
[Black "Astengo, Marcello"]
[Result "1-0"]
[WhiteElo "2491"]
[BlackElo "2005"]
[PlyCount "115"]
[EventDate "2001.08.22"]

1.e4 e6 2.d4 d5 3.Nd2 Nf6 4.e5 Nfd7 5.Bd3 c5 6.c3 Nc6 7.Ne2 Qb6 8.Nf3 cxd4
9.cxd4 f6 10.exf6 Nxf6 11.O-O Bd6 12.Nc3 O-O 13.a3 Bd7 14.Be3 Be8 15.Ng5 
Bf7 16.f4 Rae8 17.Rc1 Kh8 18.Nxf7+ Rxf7 19.b4 a6 20.Na4 Qd8 21.Nc5 Bxc5 
22.Rxc5 g6 23.Kh1 Ref8 24.g3 Ng8 25.Re1 Qf6 26.Bg1 Nh6 27.Bxa6 Nxb4 28.Bb5
Na6 29.Bxa6 bxa6 30.Rc6 Re8 31.Rxa6 Nf5 32.Re5 Qe7 33.Qa4 Ng7 34.Re3 Rc8 
35.Rc6 Rxc6 36.Qxc6 Qb7 37.Qxb7 Rxb7 38.Kg2 Kg8 39.g4 Kf7 40.Bf2 Rb2 41.
Kf3 Ra2 42.Rb3 h5 43.h3 hxg4+ 44.hxg4 Ne8 45.Bg3 Nf6 46.Be1 Ra1 47.Bd2 
Rf1+ 48.Ke2 Rg1 49.g5 Nh5 50.a4 Rg2+ 51.Kd1 Rg1+ 52.Kc2 Ra1 53.a5 Ra2+ 54.
Rb2 Ra4 55.Kb3 Rxd4 56.a6 Rc4 57.a7 Rc8 58.Ka4 1-0

[Event "XXI Festival Conca della Presolana A"]
[Site "Bratto - Castione della Presolana ITA"]
[Date "2001.08.24"]
[Round "3"]
[White "Di Fonzo, Valerio"]
[Black "Ricci, Alfredo"]
[Result "1-0"]
[WhiteElo "2223"]
[BlackElo "2088"]
[PlyCount "99"]
[EventDate "2001.08.22"]

1.e4 c5 2.Nf3 e6 3.d4 cxd4 4.Nxd4 Nf6 5.Nc3 d6 6.Be2 a6 7.O-O Be7 8.f4 Qc7
9.Bf3 Nc6 10.Be3 Bd7 11.a4 O-O 12.Nb3 Na5 13.Nxa5 Qxa5 14.Kh1 Bc6 15.Qe1 
Rfe8 16.Bg1 Qb4 17.e5 dxe5 18.fxe5 Bxf3 19.exf6 Bxg2+ 20.Kxg2 Bxf6 21.Ne4 
Qxb2 22.Nxf6+ gxf6 23.Rf2 Rac8 24.c3 Qxc3 25.Qxc3 Rxc3 26.Rxf6 Rc2+ 27.Rf2
Rec8 28.a5 Kg7 29.Rb1 R8c7 30.Rb3 R2c5 31.Rg3+ Kf8 32.Ra2 Rd5 33.Bb6 Rc4 
34.Re2 h5 35.Rge3 Ke7 36.Re5 Rg4+ 37.Kf2 Rxe5 38.Rxe5 f5 39.Re3 Rc4 40.h3 
Kf6 41.Bd8+ Kf7 42.Rb3 Ke8 43.Bg5 Rc7 44.Bf4 Rc5 45.Rxb7 Rxa5 46.Bg5 e5 
47.Bf6 Ra3 48.h4 e4 49.Bg5 Kf8 50.Be7+ 1-0

[Event "XXI Festival Conca della Presolana A"]
[Site "Bratto - Castione della Presolana ITA"]
[Date "2001.08.24"]
[Round "3"]
[White "Digiugno, Franco"]
[Black "Jablon, Stephen"]
[Result "1-0"]
[WhiteElo "2145"]
[BlackElo "1844"]
[PlyCount "125"]
[EventDate "2001.08.22"]

1.d4 Nf6 2.Bg5 Ne4 3.Bf4 d5 4.Nd2 c5 5.Nxe4 dxe4 6.e3 Qb6 7.dxc5 Qxb2 8.
Qd4 Qxc2 9.Bxb8 Bd7 10.Rd1 Qa4 11.Qxa4 Bxa4 12.Rd4 Bc6 13.Bc7 f6 14.Rd2 
Rc8 15.Ba5 e5 16.Bc4 Bxc5 17.Be6 Rb8 18.Bd5 Bxd5 19.Rxd5 b6 20.Bc3 Ke7 21.
Ne2 Ke6 22.Rd1 Rhd8 23.g4 g6 24.Ng3 f5 25.Ke2 Rdc8 26.Bb2 a5 27.gxf5+ gxf5
28.a4 b5 29.axb5 Rxb5 30.Ba1 Bb4 31.Rc1 Rbc5 32.Rxc5 Rxc5 33.Rb1 Rc4 34.
Kd1 f4 35.Ne2 fxe3 36.fxe3 Bc5 37.Kd2 Ra4 38.Bc3 Bb4 39.Bxb4 axb4 40.Rb2 
Kf5 41.Ng3+ Kg4 42.Nxe4 b3 43.Nc3 Ra3 44.Kd3 Kf3 45.e4 h5 46.Kc4 h4 47.Kd5
Ra5+ 48.Ke6 Ra6+ 49.Kxe5 Rg6 50.Nd5 Rg5+ 51.Kd4 Rg4 52.Rxb3+ Kf2 53.h3 Rg3
54.Rxg3 Kxg3 55.Nf4 Kxf4 56.e5 Kg3 57.e6 Kxh3 58.e7 Kg2 59.e8=Q h3 60.Qe2+
Kg1 61.Qg4+ Kh2 62.Ke3 Kh1 63.Kf2 1-0

[Event "XXI Festival Conca della Presolana A"]
[Site "Bratto - Castione della Presolana ITA"]
[Date "2001.08.24"]
[Round "3"]
[White "Eskola, Risto"]
[Black "Mascheroni, Maurizio"]
[Result "0-1"]
[WhiteElo "2148"]
[BlackElo "2054"]
[PlyCount "186"]
[EventDate "2001.08.22"]

1.Nf3 Nf6 2.g3 b6 3.Bg2 Bb7 4.O-O d6 5.d4 Nbd7 6.c4 g6 7.Nc3 Bg7 8.Re1 Ne4
9.Qd3 Nxc3 10.bxc3 O-O 11.Bg5 h6 12.Bd2 e5 13.e4 Re8 14.Rad1 Qe7 15.Bc1 
Rad8 16.Nd2 Nf6 17.f3 c5 18.Nf1 Ba6 19.d5 Kh7 20.Ne3 Bc8 21.Rf1 h5 22.Rde1
Rf8 23.f4 exf4 24.gxf4 Rde8 25.Nc2 Qd8 26.Qg3 Ng4 27.h3 Nh6 28.Bd2 f6 29.
a4 Nf7 30.Ne3 Nh6 31.f5 g5 32.Qf3 h4 33.Ra1 Re7 34.Rfb1 Rff7 35.Qd1 Qe8 
36.a5 Rb7 37.axb6 Rxb6 38.Rxb6 axb6 39.Ra8 Rb7 40.Bf3 Qd7 41.Qa1 Qc7 42.
Bh5 Rb8 43.Rxb8 Qxb8 44.Qa4 Bb7 45.Qd7 Kh8 46.Bg6 Ba8 47.Nc2 Bb7 48.Na3 
Ba6 49.Kf2 Ng8 50.Kf3 Qf8 51.Qa7 Bc8 52.Nb5 Ne7 53.Bh5 Bxf5 54.exf5 Nxf5 
55.Qf7 Nh6 56.Qxf8+ Bxf8 57.Nc7 Be7 58.Na8 Bd8 59.Be3 Kg7 60.Bg1 Kf8 61.
Bh2 Ke7 62.Ke2 Kd7 63.Kd3 f5 64.Kc2 f4 65.Kd3 Kc8 66.Be8 Kb8 67.Bc6 Nf5 
68.Bg1 Ne7 69.Bb5 Kxa8 70.Ke4 Kb7 71.Be8 Kc7 72.Bf2 Kc8 73.Be1 Kc7 74.Bf2 
Ng8 75.Kf5 Nf6 76.Bb5 Nd7 77.Bg1 Ne5 78.Ke4 Be7 79.Bf2 Kd8 80.Bg1 Bf6 81.
Bf2 Ke7 82.Bg1 Nf7 83.Ba4 Bxc3 84.Bd1 Kf6 85.Bf2 Nh6 86.Bh5 Nf5 87.Bg4 
Ng3+ 88.Bxg3 fxg3 89.Bf3 g4 90.Bg2 Kg5 91.Bf1 Ba5 92.Bg2 b5 93.cxb5 c4 0-1